Introduction to Graph Theory (Record no. 1681)

MARC details
000 -LEADER
Fixed length control field 00527nam a2200193 4500
003 - CONTROL NUMBER IDENTIFIER
Control field SEACOMEC
005 - DATE AND TIME OF LATEST TRANSACTION
Control field 20240831133812.0
008 - FIXED-LENGTH DATA ELEMENTS--GENERAL INFORMATION
Fixed length control field 240831b |||||||| |||| 00| 0 eng d
020 ## - INTERNATIONAL STANDARD BOOK NUMBER / ISBN
International Standard Book Number 978-0130144003
Price 275.00
040 ## - CATALOGING SOURCE
Original cataloging agency SEACOMEC
082 ## - DEWEY DECIMAL CLASSIFICATION NUMBER
Classification number 511.5
Book Number W516
100 ## - MAIN ENTRY--PERSONAL NAME
Personal name West, Douglas Brent
245 ## - TITLE STATEMENT
Title Introduction to Graph Theory
Statement of responsibility Douglas B. West
250 ## - EDITION STATEMENT
Edition statement 2nd ed
260 ## - IMPRINT
Place of publication New Delhi
Name of publisher Prentice Hall
Date of publication 2006
300 ## - PHYSICAL DESCRIPTION
Page / Vol. No 588p
650 ## - SUBJECT ADDED ENTRY--TOPICAL TERM
Topical term Mathematics - Mathematical Methods - Graph Theory
942 ## - ADDED ENTRY ELEMENTS (KOHA)
Koha item type Books
Holdings
Withdrawn status Lost status Source of classification Damaged status Not for loan Home library Current library Date acquired Total Checkouts Call number Accession number Date last seen Price effective from Koha item type Copy number
    Dewey Decimal Classification     SEACOM ENGINEERING COLLEGE SEACOM ENGINEERING COLLEGE 14/06/2007   511.5 W516 7055 31/08/2024 31/08/2024 Reference Books  
    Dewey Decimal Classification     SEACOM ENGINEERING COLLEGE SEACOM ENGINEERING COLLEGE 14/06/2007   511.5 W516 7056 31/08/2024 31/08/2024 Books 1
    Dewey Decimal Classification     SEACOM ENGINEERING COLLEGE SEACOM ENGINEERING COLLEGE 14/06/2007   511.5 W516 7057 31/08/2024 31/08/2024 Books 2
    Dewey Decimal Classification     SEACOM ENGINEERING COLLEGE SEACOM ENGINEERING COLLEGE 14/06/2007   511.5 W516 7058 31/08/2024 31/08/2024 Books 3
    Dewey Decimal Classification     SEACOM ENGINEERING COLLEGE SEACOM ENGINEERING COLLEGE 14/06/2007   511.5 W516 7059 31/08/2024 31/08/2024 Books 4
© Seacom Engineering College, All rights reserved.      Powered by Koha